| 000 | 00485nam a22001577a 4500 | ||
|---|---|---|---|
| 005 | 20251122153810.0 | ||
| 008 | 251122b |||||||| |||| 00| 0 eng d | ||
| 020 | _a9780132075237 | ||
| 050 | _aTJ223 DIR | ||
| 100 | _aDirkman, Robert John | ||
| 245 |
_a68HC11 Microcontroller _blaboratory workbook _cRobert john Dirkman & John Leonard |
||
| 260 |
_aEnglewood Cliffs, New Jersey _bPrentice Hall _c1996 |
||
| 300 |
_avi. 329p. _bill. _c28cm |
||
| 700 | _aLeonard, John | ||
| 942 |
_2lcc _cBK _n0 |
||
| 999 |
_c8344 _d8344 |
||